[Event "Prague Summer op 1st"]
[Site "Prague"]
[Date "2014.08.10"]
[Round "2"]
[White "Vanek, Tomas"]
[Black "Musiaka, Viktor"]
[Result "1/2-1/2"]
[WhiteElo "2233"]
[BlackElo "1955"]
[PlyCount "35"]
[EventDate "2014.08.09"]
[EventType "swiss"]
[EventRounds "9"]
[EventCountry "CZE"]
[SourceTitle "CBM 162 Extra"]
[Source "ChessBase"]
[SourceDate "2014.10.17"]
[SourceVersion "1"]
[SourceVersionDate "2014.10.17"]
[SourceQuality "1"]

1. e4 e6 2. d3 Nf6 3. f4 d5 4. e5 Nfd7 5. Nf3 c5 6. g3 Nc6 7. Bg2 b5 8. 0-0 Qb6 9. Kh1 Bb7 10. Qe2 g6 11. Nc3 Ne7 12. Qf2 h5 13. Bd2 Nf5 14. h4 a6 15. Ne2 Be7 16. c3 a5 17. a3 c4 18. d4 1/2-1/2